| 000 | 00849nam2a2200205 4500 | ||
|---|---|---|---|
| 001 | RU\NLR\PER_A\011842410_000070 | ||
| 005 | 20250623205646.0 | ||
| 035 | _a(NLR Aleph) 012095697 | ||
| 090 |
_a11878729 _c11878729 |
||
| 100 | _a20190918d2019 |||y0rusy50 ca | ||
| 101 | 0 | _arus | |
| 102 | _aRU | ||
| 200 | 0 | _aТ. 2, № 2 | |
| 210 |
_d2019 _aБ. м. |
||
| 461 | 0 |
_1001RU\NLR\BIBL_A\011842410 _12001#$aТюркологические исследования$dTurkological studies$eмеждународный научный журнал$zeng$vТ. 2, № 2 _912062058 _cКазань _d2018 - _lTurkological studies _n[б. и.] _oмеждународный научный журнал _tТюркологические исследования _x2619-1229 _vТ. 2, № 2 |
|
| 852 |
_aNLR _jП23/9419 |
||
| 942 | _cISSUE | ||
| 980 | _aNB | ||
| 980 | _aRUSPER | ||